000 00777nam a2200289Ia 4500
001 3799
003 IT-RoPAU
008 130308s9999 xx 000 0 und d
040 _aIT-RoPAU
040 _cIT-RoPAU
041 _aITALIANO
100 _aDi Giammatteo Fernaldo
100 _gCodice Aut. SPICS: 7207
245 _aNeorealismo italiano (Il)-Saggio di Brunello Rondi
245 _bCronache del Cinema e della Televisione
250 _a1a ed.
260 _aROMA
260 _bCinque Lune
260 _c1957 [1° Ed.:1957 - Ed.Ling.Originale:1957]
300 _a"2 p. (prefazione: no ; testo: [pagine: 162-163])"
650 _aSAGGI SUL CINEMA
650 _eCodice materia Spics: 6811
942 _cBK
957 _71
999 _c55587
_d55587
999 _bSI
999 _g1